Aplikácia štatistickej regulácie v procese kovania v organizácii HKS Forge, s.r.o.

Uložené v:
Podrobná bibliografia
Hlavný autor: Šlocharová, Lenka (Autor)
Ďalší autori: Lestyánszka Škůrková, Katarína (Vedúci práce)
Médium: Rukopis Kniha
Jazyk:Slovak
Vydavateľské údaje: 2016
Predmet:
On-line prístup:http://is.stuba.sk/zp/portal_zp.pl?podrobnosti=105842
Tagy: Pridať tag
Žiadne tagy, Buďte prvý, kto otaguje tento záznam!

MARC

LEADER 00000ntm a22000003a 4500
001 stuzp57833
003 SK-STU
005 20160719155357.8
007 ta
008 150427s2015----xo-----f-mn---000-0-slo-d
040 |a STU  |b slo 
041 0 |a slo 
100 1 |a Šlocharová, Lenka  |u 064000  |4 aut  |U MTF Materiálovotechnologická fakulta  |T MTF Ústav priemyselného inžinierstva a manažmentu  |X 71588  |U M4000  |Y 84  |7 71588 
242 0 1 |a Aplication the statistic regulation in process of forging in HKS Forge, s.r.o. Company  |y eng 
245 1 0 |a Aplikácia štatistickej regulácie v procese kovania v organizácii HKS Forge, s.r.o. 
260 |c 2016 
650 4 |a štatistická regulácia  |2 slo 
650 4 |a regulačný diagram  |2 slo 
650 4 |a stabilita procesu  |2 slo 
650 4 |a control chart  |2 eng 
650 4 |a statistic regulation  |2 eng 
650 4 |a process stability  |2 eng 
700 1 |a Lestyánszka Škůrková, Katarína  |u 064000  |k Z1  |4 ths  |U MTF Materiálovotechnologická fakulta  |T MTF Ústav priemyselného inžinierstva a manažmentu  |X 61397  |U M4000  |Y 84  |7 61397 
856 4 |u http://is.stuba.sk/zp/portal_zp.pl?podrobnosti=105842 
996 |c M* BP-7751  |l MMSKP  |s P  |a 0  |w stuzp57833_0001 
SQL |a stuzp57833  |b DBP  |c SLO  |d Aplikácia štatistickej regulácie v procese kovania v organizácii HKS Forge, s.r.o.  |e 71588  |f Šlocharová, Lenka  |g 064000  |h 61397  |i Lestyánszka Škůrková, Katarína  |j 20160627  |k 171  |l 06  |m http://is.stuba.sk/zp/portal_zp.pl?podrobnosti=105842  |n B-KPR  |o 5.2.57. kvalita produkcie